|
|
|
|
| LEADER |
02277nas a2200481 a 4500 |
| 001 |
c000185991 |
| 003 |
CARM |
| 005 |
20050909125641.0 |
| 008 |
751101d18791891dcuuu1p 1 a0eng d |
| 010 |
|
|
|a sf 82006989
|
| 016 |
7 |
|
|a P28145000
|2 DNLM
|
| 019 |
1 |
|
|a 2380795
|5 LACONCORD2021
|
| 022 |
0 |
|
|a 1060-1805
|
| 035 |
|
|
|a (OCoLC)1778547
|5 LACONCORD2021
|
| 040 |
|
|
|a LC
|b eng
|c LC
|d LC
|
| 042 |
|
|
|a lcd
|a nsdp
|
| 050 |
0 |
0 |
|a QH201
|b .A3
|
| 060 |
0 |
|
|a W1 AM791
|
| 060 |
0 |
0 |
|a W1 AM791
|
| 082 |
1 |
0 |
|a 578
|2 12
|
| 110 |
2 |
|
|a American Society of Microscopists.
|
| 210 |
0 |
|
|a Proc. Am. Soc. Microsc
|
| 222 |
|
0 |
|a Proceedings of the American Society of Microscopists
|
| 245 |
1 |
0 |
|a Proceedings of the American Society of Microscopists.
|
| 260 |
|
|
|a Washington [etc., :
|b American Society of Microscopists].
|
| 300 |
|
|
|a 13 v. :
|b ill. ;
|c 24 cm.
|
| 362 |
0 |
|
|a v. [1]-13; 1878/79-91.
|
| 500 |
|
|
|a Vol. 1 is a combined issue containing the 1878 Proceedings of the National Microscopial Congress which organized the Society, and the 1879 Proceedings of the Society.
|
| 530 |
|
|
|a Also issued online.
|
| 555 |
|
|
|a Vols. 1-4, 1878/79-82, with v. 4; Vols. 1-12,1878/79-1890, in v. 12.
|
| 555 |
|
|
|a Vols. 6, 8, 10 contain indexes for themselves and the preceeding vol.
|
| 650 |
|
0 |
|a Microscopy
|x Periodicals.
|
| 711 |
2 |
2 |
|a National Microscopical Congress,
|d (1878 :
|c Indianapolis, Ind.)
|t Proceedings.
|
| 776 |
1 |
|
|a American Society of Microscopists.
|t Proceedings of the American Society of Microscopists (Online)
|w (DLC) 2005237211
|w (OCoLC)61241664
|
| 785 |
0 |
0 |
|a American Microscopical Society.
|t Proceedings of the American Microscopical Society
|x 1060-2682
|w (DLC)sf 82006988
|w (OCLC)1778540
|
| 856 |
4 |
1 |
|u http://www.jstor.org/journals/10601805.html
|
| 852 |
8 |
|
|b CARM
|h A2:AL35A0
|i B05622
|p 0258307
|f SE
|
| 852 |
8 |
|
|b CARM
|h A2:AP21G0
|i C07283
|p 0258308
|f SE
|
| 866 |
|
0 |
|a 1(1879)-13(1891) Inc.
|
| 866 |
|
0 |
|a 1(1879)-13(1891) Inc.
|
| 999 |
f |
f |
|i 7b174198-3634-57ab-942b-50a80fe05c35
|s 6fa57a47-e81a-5938-b809-8372917d7935
|
| 952 |
f |
f |
|p Can circulate
|a CAVAL
|b CAVAL
|c CAVAL
|d CARM 1 Store
|e C07283
|f A2:AP21G0
|h Other scheme
|i book
|k 7(1885)-8(1886);13(1891)
|m 0258308
|
| 952 |
f |
f |
|p Can circulate
|a CAVAL
|b CAVAL
|c CAVAL
|d CARM 1 Store
|e B05622
|f A2:AL35A0
|h Other scheme
|i book
|k 1(1879)-6(1884)
|m 0258307
|